000 01439cam a22004694i 4500
003 PE-LiUPU
005 20250731184514.0
008 150617s r 000 0 d
035 _a(Sirsi) a16590
040 _aPE-LiUPU
_bspa
_cPE-LiUPU
_erda
049 _aPRUA
082 0 4 _a933
_bL35
_221
100 1 _aLeconte, René,
_eautor.
245 1 0 _aJérusalem et les lieux saints.
264 1 _aParis :
_bLibrairie Hachette,
_c1954.
300 _a127 páginas ;
_c22 cm
336 _atext
_2rdacontent
337 _aunmediated
_2rdamedia
338 _avolume
_2rdacarrier
505 0 _aJérusalem et les lieux saints.
526 _aP136
526 _aP135
526 _aP134
526 _aP133
526 _aP144
526 _aP143
526 _aP87
526 _aP35
526 _aP20
526 _aP14
526 _aP10
526 _aP06
650 0 4 _aDESCUBRIMIENTOS GEOGRAFICOS
_zJERUSALEN.
650 0 4 _aEXPEDICIONES CIENTIFICAS
_zJERUSALEN.
910 _ajck
_bjvq
_cjck
_d20150616
942 _2ddc
_cBOOK
949 _a933 L35
_wDEWEY
_c1
_i16434
_lCCODEBUL1
_mBUL
_p
_r0
_sY
_tBOOK
_u19781207
_xEDUCACION
_zUNKNOWN
_0COMPRA
_o.STAFF. Colección General
994 _aC0
_bPEPRU
596 _a1
999 _a933 L35
_wDEWEY
_c14636
_i16434
_f2021-11-8
_g5
_lCCODEBUL1
_mBUL
_r0
_sY
_tBOOK
_u2015-6-17
_xBIBLIOTECA
_zUNKNOWN
_0COMPRA
_o.STAFF. Colección General
_d14636
980 _81
_gALBERTO SANCHEZ Responsable de Automatización